[Event "Felix Cup 22nd"]
[Site "Felix Spa"]
[Date "2007.05.28"]
[Round "6"]
[White "Hajbok, Robert"]
[Black "Uta, Apolon Illarion"]
[Result "1-0"]
[WhiteElo "2094"]
[BlackElo "2024"]
[PlyCount "101"]
[EventDate "2007.05.25"]
[EventType "swiss"]
[EventRounds "9"]
[EventCountry "ROU"]
[SourceTitle "CBM 118 Extra"]
[Source "ChessBase"]
[SourceDate "2007.07.04"]
[SourceVersion "1"]
[SourceVersionDate "2007.07.04"]
[SourceQuality "1"]

1. e4 e5 2. Nf3 Nf6 3. Nxe5 d6 4. Nf3 Nxe4 5. d4 d5 6. Bd3 Nc6 7. 0-0 Be7 8. c4 Nb4 9. Nc3 Nxd3 10. Qxd3 Nf6 11. Bf4 dxc4 12. Qxc4 c6 13. Rfe1 0-0 14. Qb3 b6 15. Ne5 Bb7 16. Rad1 Nd5 17. Bg3 f6 18. Nxd5 cxd5 19. Nd3 Bd6 20. Re3 Bxg3 21. hxg3 Re8 22. Rxe8+ Qxe8 23. Re1 Qd7 24. Qa3 Kf7 25. Nf4 a6 26. Qb4 b5 27. Nd3 Re8 28. Nc5 Rxe1+ 29. Qxe1 Qc6 30. Qe3 Bc8 31. Qf3 g6 32. g4 Kg7 33. Qe2 Qc7 34. g3 Kf7 35. Qf3 Qd6 36. g5 f5 37. Kg2 Kg7 38. Qe3 Kf7 39. Kf3 Qe7 40. Kf4 Qd8 41. Qe5 Kg8 42. Qb8 Qe8 43. Qd6 Qf8 44. Qxf8+ Kxf8 45. Ke5 a5 46. Kxd5 Ke7 47. Kc6 b4 48. f4 a4 49. a3 bxa3 50. bxa3 Kd8 51. d5 1-0